Регионална библиотека "Любен Каравелов" - Русе

Българско народно изкуство (Запис номер 211172)

MARC детайли
000 -Лидер
Контролно поле с фиксирана дължина 01790nkm a2200433 a 4500
003 - Код на организацията, давaща контролен номер
Контролно поле BLK
005 - Дата и час на последна редакция
Контролно поле 20240223175042.0
008 - Елементи от данни с фиксирана дължина
fixed length control field 180412b bul rap|r|||| r0| ||bulo|
010 ## - Наследен системен номер
LC control number KNG00177384000
040 ## - Източник на каталожния запис
Идентификатор на билиотеката - собственик на записа BLK
041 ## - Код за език
Код за езика на текст/звукозапис или на отделно заглавие Български
Код за езика КДБФ Български
080 ## - УДК
Текстов определител УДК Приложно изкуство. Художествени занаяти. Интериор. Дизайн. Играчки. Худож. пространствено оформление
УДК код - определител по УДК 745/749
УДК определител (497.2)
УДК - код + определител 745/749(497.2)
080 ## - УДК
Текстов определител УДК Облекло. Носия. Мода. Накит. Вж и 613.4 ; 646 ; 687
УДК код - определител по УДК 391
УДК определител (497.2)
УДК - код + определител 391(497.2)
100 ## - Редна дума - Автор
R(LIN) 275731
Автор Вакарелски, Христо Томов
Авторска отговорност първи автор
139 ## - Редно поле
Редна дума Вакарелски, Христо Томов
Авторски знак Вак - В 17
245 10 - Сведения за заглавието
Заглавие Българско народно изкуство
Подзаглавни данни Албум
Редно поле (дума) състав. Христо Вакарелски.
257 ## - Страна на издаване
Страна на създаване/издаване България
260 ## - Област на издателските данни
Място на издаване, разпространение и проч. София
Име на издателя, разпространителя и проч. Бълг. художник
Година на издаване 1963
300 ## - Физическа характеристика
Страници 22 с., 92 с., 8 с.
Илюстрации и др. ил.
Размери/Мащаб 33 см
380 ## - Жанр
Жанр Изкуство
500 ## - Общи забележки
Забележка Списък на ил.
504 ## - Забележка за наличие на библиография и др
Забележка за наличие на библиография и под. Библиогр. в края на албума
650 #4 - Допълнително описание по предмет – тема
Основно описание – тема или топоним Приложно и декоративно изкуство - България
9 (RLIN) 247366
651 #4 - Допълнително описание по предмет - топоним
Географско понятие България
9 (RLIN) 241624
653 ## - Ключова дума – ненормативна
Ключова дума приложно изкуство
653 ## - Ключова дума – ненормативна
Ключова дума народни носии
653 ## - Ключова дума – ненормативна
Ключова дума тъкани
653 ## - Ключова дума – ненормативна
Ключова дума шевици
653 ## - Ключова дума – ненормативна
Ключова дума накити
653 ## - Ключова дума – ненормативна
Ключова дума грънчарство
653 ## - Ключова дума – ненормативна
Ключова дума дърворезба
653 ## - Ключова дума – ненормативна
Ключова дума килими
653 ## - Ключова дума – ненормативна
Ключова дума метали
653 ## - Ключова дума – ненормативна
Ключова дума керамика
852 ## - Местоположение
Форматна сигнатура Цб ІІ 26239
Фондова буква Хранилище
999 ## - СИСТЕМНИ КОНТРОЛНИ НОМЕРА
Koha biblionumber 211172
Koha biblioitemnumber 211172
942 ## - АРТИКУЛИ
Вид на библиотечния материал Графични издания
Скрит в OPAC Не
Koha issues (borrowed), all copies 2
Периодичен библиозапис Да
944 ## - СЪЗДАВАНЕ И РЕДАКЦИЯ на ЗАПИСА
Създаване/Редакция Създаване
Дата на регистрацията/редакция 30.06.2015
Служител, извършил регистрацията/редакцията 30564
Статус, дата на статуса Галина Якимова
944 ## - СЪЗДАВАНЕ И РЕДАКЦИЯ на ЗАПИСА
Създаване/Редакция Редакция
Дата на регистрацията/редакция 2021-02-16
Служител, извършил регистрацията/редакцията ГГГ
Наличности
Код за отписване Код за изгубен артикул Източник на класификационната схема Код за повреда Коз за рестрикции Код за отдаване Артикулен № Име на библиотеката - собственик Име на библиотеката, в която се намира в момента Статус (Текущо местоположение) Дата на вписване в системата Местоположение - отдел Цена в лева Инвентарен номер Систематично азбучна сигнатура Баркод Номер на екземпляра Цена в евро Служебна бележка Служебен тип на артикула
  Не е изгубен Universal Decimal Classification Не е повреден без рестрикции заемане за дома 363051 Регионална библиотека "Любен Каравелов" Русе Регионална библиотека "Любен Каравелов" Русе Отдел Изкуство - подръчен фонд 1963-01-01 Отдел Изкуство - подръчен фонд 5.09 539438 745/749/В 17 120000539438 1 2.60 Дост: Pk Вид: Ф N: стар фонд Дата: 01.01.1963 Графични издания
  Не е изгубен Universal Decimal Classification Не е повреден само за читалня ползва се в читалня 363052 Регионална библиотека "Любен Каравелов" Русе Регионална библиотека "Любен Каравелов" Русе Хранилище 1963-01-01 Хранилище 5.09 1061/64 Цб ІІ 26239 900000038579 2 2.60 Дост: Dp Вид: Д N: стар фонд Дата: 01.01.1963 Графични издания
Vip Innovations Ltd, Rousse, Bulgaria 2025